LEADER 01117nam1-22003251i-450- 001 990005255210403321 005 20090623123648.0 010 $a3534063899 035 $a000525521 035 $aFED01000525521 035 $a(Aleph)000525521FED01 035 $a000525521 100 $a19990604d1979----km-y0itay50------ba 101 0 $ager 105 $ay-------001yy 200 1 $a<>politischen Flüchtlinge und Verbannten in der griechischen Geschichte$evon den Anfängen bis zur Unterwerfung durch die Römer$fJakob Seibert 210 $aDarmstadt$cWissenschafliche Buchgesellschaft$d1979 215 $a2 V.$d22 cm 225 1 $aImpulse der Forschung 327 1 $a1.: Texteil$a2.: Anmerkungsteil und Register 676 $a938$v22$zita 700 1$aSeibert,$bJakob$f<1939- >$0182171 801 0$aIT$bUNINA$gRICA$2UNIMARC 901 $aBK 912 $a990005255210403321 952 $a938 SEI 1 (1)$bANT. G.R. 3770$fFLFBC 952 $a938 SEI 1 (2)$bANT. G.R. 3771$fFLFBC 959 $aFLFBC 996 $aPolitischen Flüchtlinge und Verbannten in der griechischen Geschichte$9539376 997 $aUNINA LEADER 00937nam0-22002771i-450 001 990005299990403321 005 20220822091303.0 035 $a000529999 035 $aFED01000529999 035 $a(Aleph)000529999FED01 035 $a000529999 100 $a19990604d1975----km-y0itay50------ba 101 0 $afre 105 $ay-------001yy 200 1 $aMouvement oecuménique et religions non chrétiennes$eun débat oecuménique sur la rencontre interreligieuse$ede Tambaran a Uppsala (1938-1968)$fGérard Vallée 210 $aParis$cDesclèe & Cie$aMontrèal$cBellarmin$d1975 215 $a305 p.$d24 cm 225 1 $aRecherches$iThèologie$v14 700 1$aVallèe,$bGérard$0397452 801 0$aIT$bUNINA$gRICA$2UNIMARC 901 $aBK 912 $a990005299990403321 952 $aST.REL. 08-D 14$bST.REL. 879$fFLFBC 959 $aFLFBC 996 $aMouvement oecumènique et religions non chrètiennes$9537160 997 $aUNINA